Insane UK Geography Quiz - Statistics

General Stats
  • This quiz has been taken 227 times
  • The average score is 52 of 133
Answer Stats
Level 1 % Correct
Country: E___ England
99%
Country: N___ I___ Northern Ireland
99%
Country: S___ Scotland
99%
Country: W___ Wales
99%
Crown Dependency: I___ o_ M___ Isle of Man
92%
Crown Dependency: J___ Jersey
91%
Crown Dependency: G___ Guernsey
88%
County: N___ Y___ North Yorkshire
76%
County: W___ Y___ West Yorkshire
75%
County: E___ Essex
73%
County: C___ Cornwall
72%
County: D___ Devon
72%
County: G___ M___ Greater Manchester
72%
County: S___ Y___ South Yorkshire
72%
County: K___ Kent
71%
County: D___ Durham
70%
County: G___ L___ Greater London
69%
County: I___ o_ W___ Isle of Wight
69%
County: N___ Norfolk
69%
County: E___ S___ East Sussex
68%
County: N____ Northumberland
68%
County: W___ S___ West Sussex
68%
County: C___ Cumbria
67%
County: D___ Derbyshire
65%
County: E___ R___ o_ Y___ East Riding of Yorkshire
65%
Overseas Territory: F___ I___ Falkland Islands
65%
County: N___ Nottinghamshire
65%
County: S___ Suffolk
65%
County: T___ a_ W___ Tyne and Wear
65%
County: C___ Cheshire
64%
County: H___ Hertfordshire
64%
County: L___ Lincolnshire
64%
County: C___ Cambridgeshire
63%
County: L___ Lancashire
63%
County: W___ M___ West Midlands
63%
County: L___ Leicestershire
62%
County: O___ Oxfordshire
62%
County: S___ Shropshire
62%
County: G___ Gloucestershire
61%
County: H___ Hampshire
61%
Overseas Territory: B___ V___ I___ British Virgin Islands
60%
County: B___ Buckinghamshire
60%
County: H___ Herefordshire
60%
County: R___ Rutland
60%
County: W___ Wiltshire
60%
Overseas Territory: B___ Bermuda
58%
Overseas Territory: G___ Gibraltar
58%
County: M___ Merseyside
58%
County: S___ Surrey
58%
County: D___ Dorset
57%
County: W___ Worcestershire
57%
County: C___ o_ L___ City of London
56%
County: B___ Bedfordshire
55%
County: B___ Berkshire
55%
County: B___ Bristol
55%
County: S___ Somerset
54%
County: S___ Staffordshire
54%
County: W___ Warwickshire
54%
County: N___ Northamptonshire
53%
Principal Area: C___ Cardiff
42%
Overseas Territory: P___ I___ Pitcairn Islands
38%
Principal Area: S___ Swansea
37%
Overseas Territory: C___ I___ Cayman Islands
36%
Principal Area: I___ o_ A___ Isle of Anglesey
36%
Overseas Territory: T___ a_ C___ I___ Turks and Caicos Islands
30%
Council Area: A___ Aberdeenshire
28%
Overseas Territory: B___ I___ O___ T___ British Indian Ocean Territory
28%
Principal Area: V___ o_ G___ Vale of Glamorgan
28%
Overseas Territory: A___ Anguilla
27%
Council Area: S___ I___ Shetland Islands
26%
Council Area: H___ Highland
25%
Overseas Territory: M___ Montserrat
25%
Principal Area: N___ Newport
25%
Principal Area: P___ Pembrokeshire
25%
Overseas Territory: B___ A___ T___ British Antarctic Territory
24%
Council Area: D___ a_ G___ Dumfries and Galloway
24%
Principal Area: W___ Wrexham
24%
Council Area: O___ I___ Orkney Islands
23%
Council Area: E___ L___ East Lothian
21%
Council Area: F___ Falkirk
21%
Principal Area: P___ Powys
21%
Council Area: W___ L___ West Lothian
21%
Council Area: O___ H___ Outer Hebrides
20%
Council Area: F___ Fife
19%
Principal Area: G___ Gwynedd
19%
Council Area: S___ Stirling
19%
Overseas Territory: S__ G__ a_ t_ S__ S___ I___ South Georgia and the South Sandwich Islands
18%
Council Area: A___ Angus
16%
Council Area: C__ o_ E___ City of Edinburgh
16%
Principal Area: D___ Denbighshire
16%
Principal Area: F___ Flintshire
16%
Council Area: G___ C__ Glasgow City
15%
Council Area: S___ L___ South Lanarkshire
15%
Principal Area: C___ Caerphilly
14%
Principal Area: C___ Carmarthenshire
14%
Principal Area: C___ Conwy
14%
Principal Area: M___ T___ Merthyr Tydfil
14%
Council Area: N___ L___ North Lanarkshire
14%
Council Area: P___ a_ K___ Perth and Kinross
14%
Council Area: A___ a_ B___ Argyll and Bute
13%
District: B___ C___ Belfast City
13%
Principal Area: B___ Bridgend
13%
Council Area: M___ Midlothian
13%
Principal Area: N___ P___ T___ Neath Port Talbot
13%
Council Area: R___ Renfrewshire
13%
Overseas Territory: S_ H__, A__ a_ T__ d_ C__ Saint Helena, Ascension and Tristan da Cunha
13%
Principal Area: C___ Ceredigion
12%
Council Area: A___ C__ Aberdeen City
11%
Overseas Territory: A___ a_ D___ Akrotiri and Dhekelia
11%
Principal Area: B___ G___ Blaenau Gwent
11%
Council Area: E___ A____ East Ayrshire
11%
Council Area: M___ Moray
11%
Council Area: N___ A___ North Ayrshire
11%
Principal Area: R___ C___ T___ Rhondda Cynon Taf
11%
Council Area: S___ A___ South Ayrshire
11%
Council Area: D___ C__ Dundee City
10%
Council Area: E___ R___ East Renfrewshire
10%
Council Area: S___ B___ Scottish Borders
10%
Council Area: E___ D___ East Dunbartonshire
9%
Principal Area: T___ Torfaen
9%
Council Area: W___ D___ West Dunbartonshire
9%
Council Area: C___ Clackmannanshire
8%
Council Area: I___ Inverclyde
7%
District: F___ a_ O___ Fermanagh and Omagh
5%
District: D___ a_ S___ Derry and Strabane
4%
District: M___ a_ E___ A___ Mid and East Antrim
4%
District: M___ U____ Mid Ulster
4%
District: A___ a_ N___ Antrim and Newtownabbey
3%
District: A___ a_ N___ D___ Ards and North Down
3%
District: C___ C___ a_ G___ Causeway Coast and Glens
3%
District: L___ a_ C___ Lisburn and Castlereagh
3%
District: N___, M___ a_ D___ Newry, Mourne and Down
3%
District: A___, B___ a_ C___ Armagh, Banbridge and Craigavon
2%
No matching quizzes found
Score Distribution
Percent of People with Each Score
Percentile by Number Answered
Your Score History
You have not taken this quiz